| 000 | 00994 a2200337 4500 | ||
|---|---|---|---|
| 999 |
_c200129396 _d32201 |
||
| 001 | 200129396 | ||
| 003 | TR-AnTOB | ||
| 005 | 20210408101804.0 | ||
| 008 | 130522e2009 tu 000 0 | ||
| 020 | _a9789756070482 | ||
| 040 |
_aTR-AnTOB _cTR-AnTOB |
||
| 041 | _atur | ||
| 050 | 0 | 0 |
_aBF173 _bF7419 2009 |
| 090 | _aBF173 F7419 2009 | ||
| 100 | 1 |
_aFreud, Sigmund, _d1856-1939 _936397 |
|
| 245 | 1 | 0 |
_aSevgi ve cinsellik üzerine / _cSigmund, Freud ; Almancadan çeviren Akın Kanat. |
| 250 | _a3. bs. | ||
| 264 | 1 |
_aİzmir: _bİlya yayınevi, _c2009. |
|
| 300 |
_a221 p.; _c19 cm. |
||
| 336 |
_2rdacontent _atext _btxt |
||
| 337 |
_2rdamedia _aunmediated _bn |
||
| 338 |
_2rdacarrier _avolume _bnc |
||
| 490 | 0 |
_aİlya Yayınevi ; _v16 _aPsikoloji Dizisi ; _v108 |
|
| 650 | 0 |
_97029 _aPsikanaliz |
|
| 650 | 7 |
_aAşk _2etuturkob _98773 |
|
| 650 | 0 |
_aLove _916485 |
|
| 650 | 0 |
_aPsychoanalysis _xHistory _936398 |
|
| 700 |
_aKanat, Akın, _d1966- _987884 |
||
| 942 |
_cBK _2lcc |
||